000 00628nam a2200205Ia 4500
001 21052
003 GE_BSU
008 181216s||||||||xx |||||||||||||| ||und||
040 _cGE_BSU
245 _aУспехи геронтологии. №1 ,том 30. 2017
245 _bAdvances in gerontology
245 _cгл. ред. В.Н. Анисимов и др.
260 _aСанкт-Петербург
260 _c2017
300 _a148 стр. 30см.
653 _aПериодика
653 _aУспехи геронтологии. №1 ,том 30. 2017
653 _aპერიოდიკა
942 _cCR
999 _c54001
_d54001